000
00335nam a2200145Ia 4500
003
OSt
005
20231117070408.0
008
170523s9999 xx 000 0 und d
020
_a
9788120317420
040
_c
IIMT UNIVERSITY
100
_a
MAHAPATRA
245
0
_a
COMPUTER AIDED PRODUCT MANAGEMENT
260
_b
PHI
942
_2
ddc
_c
02
999
_c
1836
_d
1836